| 000 | 00917nam a22002297a 4500 | ||
|---|---|---|---|
| 999 |
_c16992 _d16992 |
||
| 003 | AR-CdUCM | ||
| 008 | 190502b ||||| |||| 00| 0 spa d | ||
| 040 |
_aMUNICIPALIDAD PROVINCIAL DEL CUSCO _cBIBLIOTECA MUNICIPAL DEL CUSCO |
||
| 082 |
_a532 / _bF75 |
||
| 100 |
_aForcheimer, Philipp _936787 |
||
| 245 | _aHidráulica / | ||
| 260 |
_aMéxico D.F : _bNacional,, _c1967. |
||
| 300 |
_a177 paginas ; _bilustraciones, diagramas, _c18 cm. |
||
| 505 | _aContenido :Definición del liquido -- Superficie libre, presión hidrostatica -- Relación entre presión hidrostatica, el peso especifico del liquido y la profundidad -- Presión sobre una superficie plana... | ||
| 650 |
_aIngeniería hidráulica _935551 |
||
| 650 |
_aHidráulica _921112 |
||
| 650 |
_aTubos capilares _936788 |
||
| 650 |
_aTorbellinos _936789 |
||
| 700 |
_aLucini, M (Traducción) _936790 |
||
| 942 |
_2ddc _cLIBROS |
||
| 945 |
_awnts _d2019-05-7 |
||